| 000 | 00639cab a2200205 4500 | ||
|---|---|---|---|
| 001 | WB2449-21 | ||
| 008 | 090401t1988 xxu||||| |||| 00| 0 eng d | ||
| 035 | _a(Sirsi) u88137 | ||
| 041 | _aeng | ||
| 245 | _aHidden homes | ||
| 260 | _c1988 | ||
| 350 | _a0 | ||
| 490 |
_aBuilding _vVol 253 No 7577 9/12/88 p12 |
||
| 520 | _aA report from the CPRE on infill sites shows that 20 per cent of the 200,000 houses built every year are built on small areas of land not spotted by planning authorities. | ||
| 650 | _aHOUSE BUILDING | ||
| 650 | _aWINDFALL SITES | ||
| 690 | _aPLANNING LAW AND PRACTICE | ||
| 942 | _n0 | ||
| 948 | _c04/03/1997 | ||
| 999 |
_c55676 _d55676 |
||